En torno al arte centroamericano contemporáneo /
Enregistré dans:
| Auteur principal: | |
|---|---|
| Format: | Inconnue |
| Langue: | Spanish |
| Sujets: | |
| Tags: |
Ajouter un tag
Pas de tags, Soyez le premier à ajouter un tag!
|
MARC
| LEADER | 000000000a22000000004500 | ||
|---|---|---|---|
| 001 | 007195 | ||
| 041 | 0 | |a spa | |
| 100 | 1 | |a Cuevas Molina, Rafael, |d 1954- | |
| 245 | 1 | 0 | |a En torno al arte centroamericano contemporáneo / |c Rafael Cuevas Molina. |
| 650 | 4 | |a ARTE CENTROAMERICANO | |
| 773 | 0 | |x 1013-9060 |d San José, Costa Rica : Editorial de la Universidad Estatal a Distancia |t Revista Nacional de Cultura |g número 31 (1997), páginas 77-89 | |
| 942 | |c ARC | ||
| 999 | |c 13313 |d 13313 | ||
